Najlepsi strzelcy Leicester City. - Statystyki

Ogólne statystyki
  • Ten quiz został rozwiązany 44 razy
  • Średni wynik to 2 z 15
Statystyki odpowiedzi
Lata Ilość goli Piłkarz % Poprawnych
2012-teraz 135 Vardy
100%
2014-2018 48 Mahrez
60%
1995-2000 34 Heskey
5%
2007-2020 61 King
5%
1997-2000 32 Cottee
0%
2002-2004, 2008-2010 36 Dickov
0%
2008-2014 38 Dyer
0%
1997-2004 31 Elliott
0%
2006-2011 60 Fryatt
0%
2009-2015 28 Gallagher
0%
2008-2012 31 Howard
0%
2005-2008 34 Hume
0%
1996-2004 41 Izzet
0%
2011-2015 59 Nugent
0%
1962-1975 25 Stringfellow
0%
Nie znaleziono quizów pasujących do podanych kryteriów
Rozkład punktacji
Procent ludzi z każdym wynikiem
Percentyl według liczby udzielonych odpowiedzi
Twoja historia wyników
Nie rozwiązałeś tego quizu